000 00332nam a22001457a 4500
003 OSt
005 20220126155959.0
008 220126b |||||||| |||| 00| 0 eng d
020 _a0028018176
040 _cHU
082 _a621.3
_b1
100 _aHatch John
_928765
245 _aElectronics For Technicians
942 _2ddc
_cBOOKS
_n0
999 _c28029
_d28029